000 00656nam a2200229Ia 4500
003 OSt
005 20220928104415.0
006 a|||||r|||| 00| 0
007 ta
008 220927b |||||||| |||| 00| 0 eng d
024 _a75829
037 _cTextual
040 _aSDCL
_cSDCL
_beng
041 _2eng
_aeng
082 _aX9:944.255'N8, M6
100 _aBanerjee Brojendra Nath
_9410300
245 0 _aBhopal gas tragedy
_b Accident or experiment.
260 _aNew Delhi
_bParibus Pub
_c1986
300 _a281p,Bib p 252-75
_ccm.
942 _hX9:944.255'N8, M6
_cTEXL
_2CC
999 _c725917
_d725917